[Event "Ubeda op"]
[Site "Ubeda"]
[Date "1996.??.??"]
[Round "?"]
[White "Hodgson, Julian M"]
[Black "Estrada Nieto, Julian"]
[Result "1-0"]
[WhiteElo "2615"]
[BlackElo "2345"]
[PlyCount "65"]
[EventDate "1996.01.??"]
[Source "ChessBase"]

1. d4 d5 2. Bg5 c6 3. e3 h6 4. Bf4 Qb6 5. Qc1 Bf5 6. c4 e6 7. Nc3 Nf6 8. h3
Nbd7 9. Nf3 Be7 10. c5 Qd8 11. b4 a6 12. a4 O-O 13. a5 Ne4 14. Na4 f6 15. Nb6
Nxb6 16. axb6 Ng5 17. Nxg5 hxg5 18. Bc7 Qd7 19. Be2 Rfe8 20. Bh5 Rf8 21. Qc3
Bd8 22. Bh2 Be4 23. O-O f5 24. f3 g6 25. Bxg6 Rf6 26. Bh5 Rh6 27. b5 cxb5 28.
c6 bxc6 29. Be8 Qxe8 30. b7 Be7 31. bxa8=Q Qxa8 32. fxe4 dxe4 33. Rfc1 1-0